Zufällig aufeinanderfolgende afrikanische Länder auf einer Karte - Statistiken

Allgemein
  • Dieses Quiz wurde 43.899 mal gespielt
    35.795 seit der letzten Aktualisierung
  • Das Durchschnittsergebnis liegt bei 40 aus 54
Antworten auf der Karte
Die Antworten werden auf der Karte rot bzw. grün angezeigt, abhängig davon wie oft sie richtig erraten wurden.
 
Antwortstatistiken
Land % Korrekt
Ägypten
76%
Marokko
76%
Algerien
75%
Demokratische Republik Kongo
75%
Kap Verde
75%
Lesotho
75%
Libyen
75%
Madagaskar
75%
Mali
75%
Südafrika
75%
Sudan
75%
Tschad
75%
Tunesien
75%
Angola
74%
Äthiopien
74%
Botswana
74%
Eritrea
74%
Eswatini
74%
Mauretanien
74%
Namibia
74%
Niger
74%
Nigeria
74%
Senegal
74%
Somalia
74%
Südsudan
74%
Togo
74%
Zentralafrikanische Republik
74%
Benin
73%
Burkina Faso
73%
Dschibuti
73%
Elfenbeinküste
73%
Ghana
73%
Kamerun
73%
Kenia
73%
Malawi
73%
Mauritius
73%
Mosambik
73%
Ruanda
73%
Seychellen
73%
Tansania
73%
Äquatorial-Guinea
72%
Burundi
72%
Gambia
72%
Guinea
72%
Guinea-Bissau
72%
Komoren
72%
Liberia
72%
Sambia
72%
São Tomé und Príncipe
72%
Simbabwe
72%
Uganda
72%
Gabun
71%
Republik Kongo
71%
Sierra Leone
71%
Keine übereinstimmenden Quizze gefunden
Verteilung der Resultate
Anzahl Personen mit jedem Resultat
Perzentil nach korrekt beantworteten Fragen
Ihre Resultats-Entwicklung
Sie haben dieses Quiz seit der letzten Aktualisierung nicht gespielt